| 000 | 00733nam a22002177a 4500 | ||
|---|---|---|---|
| 999 |
_c198 _d198 |
||
| 003 | AR-CdUCM | ||
| 008 | 190222b ||||| |||| 00| 0 spa d | ||
| 020 | _a8470760556 | ||
| 040 |
_aMUNICIPALIDAD PROVINCIAL DEL CUSCO _cBIBLIOTECA MUNICIPAL DEL CUSCO |
||
| 082 |
_a858.8 / _bSA164 |
||
| 100 |
_aSalgari, Emilio _9800 |
||
| 245 | _aLa Campana de Plata / | ||
| 260 |
_aMadrid : _bGahe, _c1979. |
||
| 300 |
_a155 paginas ; _b8 Ilustraciones. _c20 cm. |
||
| 505 | _aLas iluminaciones -- Un banquete Chino -- Una infame acusación -- Un extraño pajarraco -- La gran muralla... | ||
| 650 |
_aliteratura Europea _9894 |
||
| 650 |
_acampanas _9895 |
||
| 650 |
_aTemplos sagrados _9896 |
||
| 942 |
_2ddc _cLIBROS |
||
| 945 |
_awnts _d2019-02-22 |
||